00636nam a2200205Ia 450000500170000000800410001702000150005808200190007310000230009224500710011526000540018630000180024065000120025865000130027065000130028365000180029694200060031495200950032099900150041520250324053822.0240331s9999 xx 000 0 und d a8185425418 a303bKHU21007 aKhubchandani, L. M 0aLanguage Culture and Nation-Building:bChallenges of Modernisation aShimla,bIndian Institute of Advanced Studyc1991 axiii, 125 p., aCulture aLanguage aHinduism aCommunication cL 001040708LaWERCLbWERCLcSSCd2024-03-31l0o 303 KHUp1007r2024-03-31w2024-03-31yL c1194d1194